[Event "Senior DM 2020 65+"]
[Site "Logumkloster"]
[Date "2020.02.13"]
[Round "5"]
[White "Mortensen, Steen Juul"]
[Black "Kolbak, Jens"]
[Result "0-1"]
[WhiteElo "1927"]
[BlackElo "2127"]
[PlyCount "90"]
[EventDate "2020.02.09"]
[EventType "swiss"]
[EventRounds "7"]
[EventCountry "DEN"]

1. d4 c5 2. e3 cxd4 3. exd4 d5 4. c4 Nf6 5. Nc3 e6 6. Bg5 Be7 7. Nf3 O-O 8. Be2
Nc6 9. O-O b6 10. Rc1 Bb7 11. Bxf6 Bxf6 12. cxd5 exd5 13. Re1 Re8 14. Qd2 Qd6
15. Nb5 Qd7 16. Qf4 Re4 17. Qc7 Qxc7 18. Nxc7 Rd8 19. Nb5 Kf8 20. Nc3 Re7 21.
Red1 g5 22. Bb5 Re6 23. Bxc6 Bxc6 24. Re1 Rde8 25. Rxe6 Rxe6 26. Rd1 g4 27. Ne1
Bxd4 28. Nxd5 Bxd5 29. Nc2 Bxb2 30. Rxd5 Rc6 31. Rd2 a5 32. Kf1 h5 33. Ne3 Bc1
34. Rc2 Rxc2 35. Nxc2 Ke7 36. Ke2 Kd6 37. Kd3 Kc5 38. Nd4 a4 39. Ne2 Bb2 40.
Nf4 h4 41. h3 Be5 42. Ne2 gxh3 43. gxh3 b5 44. Nc1 b4 45. Kc2 Kc4 0-1

[Event "Senior DM 2020 65+"]
[Site "Logumkloster"]
[Date "2020.02.14"]
[Round "6"]
[White "Pedersen, Borge"]
[Black "Hansen, Per (1954)"]
[Result "1/2-1/2"]
[WhiteElo "1980"]
[BlackElo "2110"]
[PlyCount "96"]
[EventDate "2020.02.09"]
[EventType "swiss"]
[EventRounds "7"]
[EventCountry "DEN"]

1. d4 d5 2. Nf3 Nf6 3. e3 Bg4 4. Bd3 e6 5. Nbd2 Nbd7 6. O-O Bd6 7. c3 c6 8. Qc2
Qc7 9. h3 Bh5 10. b3 Bg6 11. c4 Bxd3 12. Qxd3 O-O 13. Bb2 Rfe8 14. Rac1 e5 15.
dxe5 Nxe5 16. Nxe5 Bxe5 17. Bxe5 Qxe5 18. Nf3 Qe7 19. c5 Ne4 20. Qd4 Qc7 21. b4
a6 22. a4 Nf6 23. Nd2 Qe5 24. Qxe5 Rxe5 25. Nf3 Re4 26. Nd4 Nd7 27. Rc3 g6 28.
Rb1 Ree8 29. b5 axb5 30. axb5 Ra5 31. bxc6 bxc6 32. Nxc6 Rxc5 33. Rxc5 Nxc5 34.
Rb5 Ne4 35. Rxd5 Kg7 36. Re5 Rc8 37. Rxe4 Rxc6 38. g4 Rc5 39. h4 h5 40. g5 Kf8
41. Kg2 Rc1 42. Kf3 Rh1 43. Rf4 Ra1 44. Re4 Rh1 45. Ke2 Rh2 46. Rf4 Ke7 47. e4
Ke6 48. Ke3 Rh1 1/2-1/2

[Event "Senior DM 2020 65+"]
[Site "Logumkloster"]
[Date "2020.02.14"]
[Round "6"]
[White "Kolbak, Jens"]
[Black "Christiansen, Jens Jorgen"]
[Result "1/2-1/2"]
[WhiteElo "2127"]
[BlackElo "2073"]
[PlyCount "90"]
[EventDate "2020.02.09"]
[EventType "swiss"]
[EventRounds "7"]
[EventCountry "DEN"]

1. c4 e5 2. Nc3 d6 3. Nf3 f5 4. g3 Nf6 5. Bg2 Be7 6. O-O O-O 7. d3 c6 8. c5 d5
9. Nxe5 Bxc5 10. d4 Bd6 11. Nd3 Re8 12. Rb1 a5 13. Bf4 Na6 14. a3 Ne4 15. Rc1
Nc7 16. Bxd6 Qxd6 17. Na4 Ne6 18. Nb6 Ra6 19. Nxc8 Rxc8 20. e3 a4 21. f3 Nf6
22. Qc2 Re8 23. Nb4 Raa8 24. Qxf5 Rf8 25. Qc2 g6 26. Nd3 Nd7 27. Rcd1 b5 28.
Rc1 Rac8 29. Bh3 Rc7 30. Qc3 Nb6 31. Qb4 Rd8 32. Qxd6 Rxd6 33. Bxe6+ Rxe6 34.
Ne5 Nc4 35. Nxc4 bxc4 36. Kf2 Rb7 37. Rc2 Rb3 38. Re1 Rd3 39. Rc3 Rd2+ 40. Re2
Rd1 41. Rcc2 Rd3 42. Rc3 Rd1 43. h4 h5 44. f4 Kf7 45. Rcc2 Rd3 1/2-1/2

[Event "Senior DM 2020 65+"]
[Site "Logumkloster"]
[Date "2020.02.14"]
[Round "6"]
[White "Semakoff, Aleks"]
[Black "Nielsen, Carsten Juul"]
[Result "1-0"]
[WhiteElo "2006"]
[BlackElo "1902"]
[PlyCount "57"]
[EventDate "2020.02.09"]
[EventType "swiss"]
[EventRounds "7"]
[EventCountry "DEN"]

1. e4 e5 2. Nc3 Nf6 3. Bc4 Nc6 4. d3 Be7 5. f4 d6 6. Nf3 exf4 7. Bxf4 Be6 8.
Bb3 Bxb3 9. axb3 O-O 10. O-O a6 11. d4 Rc8 12. Qd2 d5 13. exd5 Nxd5 14. Nxd5
Qxd5 15. c4 Qh5 16. d5 Bc5+ 17. Kh1 Bb4 18. Qf2 Ne7 19. Ne5 Ng6 20. Nd3 Bd6 21.
Bxd6 cxd6 22. Rae1 Ne5 23. Nxe5 dxe5 24. Qb6 Rb8 25. d6 f6 26. Rd1 Rfd8 27. d7
Qe2 28. Rfe1 Rxd7 29. Qe6+ 1-0

[Event "Senior DM 2020 65+"]
[Site "Logumkloster"]
[Date "2020.02.14"]
[Round "6"]
[White "Jorgensen, Jorgen"]
[Black "Norregaard, Claus"]
[Result "0-1"]
[WhiteElo "2186"]
[BlackElo "1941"]
[PlyCount "130"]
[EventDate "2020.02.09"]
[EventType "swiss"]
[EventRounds "7"]
[EventCountry "DEN"]

1. Nf3 Nf6 2. c4 c5 3. g3 g6 4. Bg2 Bg7 5. O-O O-O 6. Nc3 Nc6 7. d4 cxd4 8.
Nxd4 Nxd4 9. Qxd4 d6 10. Qd3 Rb8 11. b3 Bd7 12. Bb2 Bc6 13. e4 Qa5 14. Rfd1 Ng4
15. h3 Ne5 16. Qd2 Rfe8 17. Kh2 Bd7 18. Rac1 Nc6 19. Qe2 Nd4 20. Qe3 Ne6 21.
Rd5 Qd8 22. Rd2 Qa5 23. Nd5 Bxb2 24. Rxb2 Qc5 25. Qe2 Qd4 26. Rd2 Qg7 27. f4
Bc6 28. f5 Bxd5 29. Rxd5 Nc7 30. Rd2 Na6 31. Qf2 b6 32. f6 Qxf6 33. Qxf6 exf6
34. Rxd6 Nc5 35. Rxf6 Nxe4 36. Rf4 Nc5 37. Rcf1 f5 38. Bd5+ Kg7 39. R4f2 Re3
40. Rd1 Rbe8 41. Rdd2 Nd3 42. Rf3 Re2+ 43. Rxe2 Rxe2+ 44. Kg1 Nb4 45. a4 Rd2
46. Be6 Rd3 47. Kg2 Kf6 48. Bg8 h6 49. Rxd3 Nxd3 50. Kf3 Nc5 51. b4 Nxa4 52.
Ke3 Ke5 53. h4 g5 54. hxg5 hxg5 55. Kd3 a5 56. c5 axb4 57. c6 Kd6 58. Bh7 Nc5+
59. Kd4 f4 60. gxf4 gxf4 61. Bg8 Kxc6 62. Ke5 f3 63. Bd5+ Kb5 64. Bxf3 b3 65.
Bh5 Kc4 0-1

[Event "Senior DM 2020 65+"]
[Site "Logumkloster"]
[Date "2020.02.14"]
[Round "6"]
[White "Holst, Per"]
[Black "Rasmussen, Bjarne Meldgaard"]
[Result "1-0"]
[WhiteElo "2138"]
[BlackElo "1911"]
[PlyCount "99"]
[EventDate "2020.02.09"]
[EventType "swiss"]
[EventRounds "7"]
[EventCountry "DEN"]

1. d4 Nf6 2. c4 e6 3. Nf3 Be7 4. g3 d5 5. Bg2 O-O 6. Qc2 dxc4 7. Qxc4 Nbd7 8.
O-O Nb6 9. Qc2 c6 10. e4 Re8 11. Nc3 Nfd7 12. a4 a5 13. Bf4 Nf8 14. Rad1 Ng6
15. Be3 Nc4 16. Bc1 Nb6 17. b3 Bd7 18. Be3 Rc8 19. Qd2 Bb4 20. Qd3 Na8 21. Na2
Be7 22. h4 f6 23. Nc3 Bb4 24. Ne2 Bd6 25. e5 Be7 26. exf6 gxf6 27. Nc3 Nb6 28.
Ne4 Nd5 29. Nfd2 Nxe3 30. Qxe3 b5 31. Nc5 Nf8 32. Nde4 f5 33. Nd2 Bf6 34. Nf3
Re7 35. Ne5 Be8 36. Bf3 Rg7 37. Bg2 bxa4 38. bxa4 Qc7 39. Rb1 Bxe5 40. dxe5 Ra8
41. Rb7 Qc8 42. Rxg7+ Kxg7 43. Qg5+ Kh8 44. Rd1 Qc7 45. Rd6 Qg7 46. Qxg7+ Kxg7
47. Bxc6 Rc8 48. Bxe8 Rxc5 49. f4 Rc2 50. Ra6 1-0

[Event "Senior DM 2020 65+"]
[Site "Logumkloster"]
[Date "2020.02.14"]
[Round "6"]
[White "Wang, Peter"]
[Black "Hvenekilde, Jorgen"]
[Result "0-1"]
[WhiteElo "1881"]
[BlackElo "2032"]
[PlyCount "94"]
[EventDate "2020.02.09"]
[EventType "swiss"]
[EventRounds "7"]
[EventCountry "DEN"]

1. e4 e5 2. Bc4 d6 3. Nf3 Be7 4. Qe2 c6 5. c3 Nf6 6. d3 O-O 7. O-O Nbd7 8. Bb3
Nc5 9. Bc2 Qc7 10. Nbd2 Re8 11. Re1 Bf8 12. Nf1 h6 13. Ng3 g6 14. h3 Ne6 15.
Nh2 h5 16. Qf3 Nh7 17. Ne2 Qe7 18. g4 h4 19. Qg2 g5 20. Nf1 Nf4 21. Qf3 Bg7 22.
Ne3 Nf8 23. Nf5 Bxf5 24. gxf5 Nd7 25. Nxf4 exf4 26. d4 c5 27. Qd3 cxd4 28. cxd4
Qf6 29. Rd1 Rac8 30. Ba4 Rc7 31. Bd2 Qxd4 32. Qxd4 Bxd4 33. Bxf4 gxf4 34. Rxd4
Ne5 35. Rxd6 Rec8 36. Rad1 Kh7 37. Rd8 Rxd8 38. Rxd8 Rc4 39. Bb3 Rxe4 40. Bc2
Re1+ 41. Kh2 Re2 42. Rc8 Nf3+ 43. Kh1 Rxf2 44. f6+ Kh6 45. Rh8+ Kg5 46. Rg8+
Kxf6 47. Rg2 Rf1+ 0-1

[Event "Senior DM 2020 65+"]
[Site "Logumkloster"]
[Date "2020.02.14"]
[Round "6"]
[White "Mortensen, John"]
[Black "Olesen, Poul Erik Norgaard"]
[Result "1-0"]
[WhiteElo "2068"]
[BlackElo "2004"]
[PlyCount "57"]
[EventDate "2020.02.09"]
[EventType "swiss"]
[EventRounds "7"]
[EventCountry "DEN"]

1. e4 g6 2. d4 Bg7 3. Nc3 d6 4. Nf3 Nf6 5. Be2 O-O 6. O-O c6 7. a4 Qc7 8. h3 e5
9. dxe5 dxe5 10. Bc4 Re8 11. Be3 Nbd7 12. Qe2 Nf8 13. Ng5 Ne6 14. Nxe6 Bxe6 15.
Rfd1 Bxc4 16. Qxc4 Nh5 17. Rd2 Red8 18. Rad1 Rxd2 19. Rxd2 Bf8 20. g3 Ng7 21.
Nd5 Qc8 22. Nf6+ Kh8 23. Qxf7 Qe6 24. Qxb7 Qxf6 25. Qxa8 Ne6 26. Bh6 g5 27.
Bxf8 Nxf8 28. Rd8 Kg8 29. b4 1-0

[Event "Senior DM 2020 65+"]
[Site "Logumkloster"]
[Date "2020.02.14"]
[Round "6"]
[White "Sorensen, Ivan"]
[Black "Bauner, Jan"]
[Result "1/2-1/2"]
[WhiteElo "2062"]
[BlackElo "2004"]
[PlyCount "33"]
[EventDate "2020.02.09"]
[EventType "swiss"]
[EventRounds "7"]
[EventCountry "DEN"]

1. c4 c6 2. d4 d5 3. Nf3 Nf6 4. e3 g6 5. Qb3 Bg7 6. Bd3 O-O 7. Nbd2 b6 8. O-O
Bb7 9. Ne5 Nbd7 10. Ndf3 e6 11. Nxd7 Nxd7 12. cxd5 exd5 13. Qd1 Re8 14. Rb1 Rc8
15. Bd2 c5 16. dxc5 Nxc5 17. Bb4 1/2-1/2

[Event "Senior DM 2020 65+"]
[Site "Logumkloster"]
[Date "2020.02.14"]
[Round "6"]
[White "Larsen, Arne Walther"]
[Black "Jorgensen, Arne Bjorn"]
[Result "0-1"]
[WhiteElo "1712"]
[BlackElo "1957"]
[PlyCount "98"]
[EventDate "2020.02.09"]
[EventType "swiss"]
[EventRounds "7"]
[EventCountry "DEN"]

1. e4 d6 2. d3 Nf6 3. Nf3 g6 4. g3 Bg7 5. Bg2 O-O 6. O-O c5 7. Nbd2 Nc6 8. c3
Bg4 9. h3 Bxf3 10. Bxf3 Rc8 11. a4 b6 12. Nc4 d5 13. exd5 Nxd5 14. Qe2 e6 15.
Bg2 Qd7 16. Ne3 Nde7 17. Ng4 Nf5 18. Bg5 f6 19. Be3 Rfd8 20. Rfd1 e5 21. Nh2
Qe7 22. Be4 Nxe3 23. Qxe3 f5 24. Bg2 Rd6 25. Qe2 Rcd8 26. Nf1 Qd7 27. Ne3 Na5
28. b4 cxb4 29. cxb4 Nc6 30. Rab1 Bf6 31. Nc4 Re6 32. b5 Nd4 33. Qa2 Kg7 34.
Ne3 e4 35. dxe4 fxe4 36. a5 bxa5 37. Qxa5 Qe7 38. Kh2 Red6 39. Rdc1 R6d7 40.
Rc4 Nf3+ 41. Kh1 Nd2 42. Rbc1 Nxc4 43. Rxc4 Bd4 44. Qe1 Qe6 45. Rc6 Qe7 46. Ng4
h5 47. Nh2 e3 48. fxe3 Qxe3 49. Qb1 Bf6 0-1

[Event "Senior DM 2020 65+"]
[Site "Logumkloster"]
[Date "2020.02.14"]
[Round "6"]
[White "Christiansen, Arne"]
[Black "Gjelstrup, Ole"]
[Result "1-0"]
[WhiteElo "2000"]
[BlackElo "1516"]
[PlyCount "71"]
[EventDate "2020.02.09"]
[EventType "swiss"]
[EventRounds "7"]
[EventCountry "DEN"]

1. d4 d5 2. c4 e6 3. Nc3 c5 4. e3 Nf6 5. Nf3 Nc6 6. Bd3 b6 7. O-O Bb7 8. cxd5
exd5 9. b3 Be7 10. Bb2 O-O 11. Rc1 Re8 12. Re1 Rc8 13. Bf5 Rb8 14. Qd2 Bc8 15.
Bxc8 Rxc8 16. dxc5 Ne4 17. Qxd5 Bxc5 18. Qxd8 Rcxd8 19. Nxe4 Rxe4 20. Red1 Rde8
21. Kf1 h6 22. Rd7 R4e7 23. Rxe7 Nxe7 24. Rd1 Nf5 25. Rd7 a5 26. Nd4 Nd6 27.
Ke2 Kf8 28. Kd3 Re7 29. Rxe7 Kxe7 30. Nc6+ Kf8 31. Bd4 Bxd4 32. Kxd4 Ke8 33. a4
Kd7 34. Ne5+ Ke6 35. Nc4 g6 36. Nxb6 1-0

[Event "Senior DM 2020 65+"]
[Site "Logumkloster"]
[Date "2020.02.15"]
[Round "7"]
[White "Andersson, Finn"]
[Black "Jacobsen, Niels"]
[Result "0-1"]
[WhiteElo "1748"]
[BlackElo "1868"]
[PlyCount "70"]
[EventDate "2020.02.09"]
[EventType "swiss"]
[EventRounds "7"]
[EventCountry "DEN"]

1. e4 c5 2. Nc3 g6 3. g3 Bg7 4. Bg2 Nc6 5. d3 d6 6. Nge2 Rb8 7. Rb1 b5 8. O-O
a5 9. Be3 e6 10. Qd2 Nd4 11. Nd1 b4 12. Rc1 Ne7 13. c3 bxc3 14. bxc3 Nxe2+ 15.
Qxe2 Ba6 16. f4 O-O 17. Nf2 a4 18. Qc2 Qa5 19. Bd2 c4 20. d4 a3 21. Rb1 Bb5 22.
Be3 Nc6 23. Qd2 Rfe8 24. e5 d5 25. g4 Ba4 26. g5 Rb5 27. Rfc1 Reb8 28. Rxb5
Qxb5 29. Nd1 Bxd1 30. Qxd1 Qb2 31. Rc2 Qb1 32. Bc1 Rb2 33. Rf2 Rxf2 34. Kxf2
Qxa2+ 35. Kg1 Qb1 0-1

[Event "Senior DM 2020 65+"]
[Site "Logumkloster"]
[Date "2020.02.15"]
[Round "7"]
[White "Rasmussen, Bjarne Meldgaard"]
[Black "Kolbak, Jens"]
[Result "1/2-1/2"]
[WhiteElo "1911"]
[BlackElo "2127"]
[PlyCount "71"]
[EventDate "2020.02.09"]
[EventType "swiss"]
[EventRounds "7"]
[EventCountry "DEN"]

1. e4 e5 2. Nf3 Nc6 3. Bb5 g6 4. d3 Bg7 5. Bg5 Nge7 6. c3 h6 7. Be3 O-O 8. O-O
d6 9. h3 f5 10. Re1 Kh7 11. Nh2 f4 12. Bc1 Be6 13. Nd2 g5 14. Bc4 Bd7 15. Ndf3
Na5 16. Bb3 Nxb3 17. Qxb3 Qc8 18. Qd1 Ng6 19. d4 Bf6 20. dxe5 dxe5 21. b3 Kg7
22. Ba3 Rh8 23. Qd3 h5 24. Rad1 Be6 25. c4 g4 26. hxg4 hxg4 27. Nd2 Qg8 28.
Ndf1 Qh7 29. Qc3 g3 30. fxg3 fxg3 31. Qxg3 Bh4 32. Qe3 Bxe1 33. Rxe1 b6 34. Bb2
Rae8 35. Qg3 Qh5 36. Ne3 1/2-1/2

[Event "Senior DM 2020 65+"]
[Site "Logumkloster"]
[Date "2020.02.15"]
[Round "7"]
[White "Haugaard, Thomas"]
[Black "Falberg, Hugo"]
[Result "0-1"]
[WhiteElo "1680"]
[BlackElo "1826"]
[PlyCount "50"]
[EventDate "2020.02.09"]
[EventType "swiss"]
[EventRounds "7"]
[EventCountry "DEN"]

1. d4 f5 2. c4 Nf6 3. g3 e6 4. Nf3 Be7 5. Bg2 O-O 6. O-O d6 7. b3 Qe8 8. Bb2
Qh5 9. e3 Nbd7 10. Nbd2 g5 11. Rc1 c5 12. Ne1 Qg6 13. Ndf3 Ne4 14. Nd3 b6 15.
Nd2 Bb7 16. f3 Nef6 17. Nf2 Rf7 18. e4 Raf8 19. Qe2 h5 20. Nd3 h4 21. Rce1 hxg3
22. hxg3 Nh5 23. Kf2 f4 24. gxf4 gxf4 25. Rg1 Bh4+ 0-1

[Event "Senior DM 2020 65+"]
[Site "Logumkloster"]
[Date "2020.02.15"]
[Round "7"]
[White "Bauner, Jan"]
[Black "Cordes, Steffen"]
[Result "1-0"]
[WhiteElo "2004"]
[BlackElo "1928"]
[PlyCount "75"]
[EventDate "2020.02.09"]
[EventType "swiss"]
[EventRounds "7"]
[EventCountry "DEN"]

1. d4 Nf6 2. Bf4 g6 3. Nc3 d5 4. Qd2 h6 5. O-O-O Bg7 6. h4 c6 7. f3 b5 8. Kb1
Nbd7 9. Re1 Nb6 10. e4 b4 11. Nd1 dxe4 12. fxe4 Nh5 13. Nf3 Nxf4 14. Qxf4 Be6
15. d5 cxd5 16. Bb5+ Bd7 17. Bxd7+ Qxd7 18. e5 Qc7 19. Qxb4 O-O 20. Qc3 Qd7 21.
h5 Rfc8 22. Qd3 Qf5 23. hxg6 Qxg6 24. e6 Qxd3 25. exf7+ Kxf7 26. cxd3 Nd7 27.
d4 Rab8 28. Ne3 Rb5 29. Nf5 Bf6 30. Rxh6 Rc4 31. Nxe7 Bxd4 32. Nxd4 Rxd4 33.
Rh7+ Kf6 34. Ng8+ Kg5 35. Rxd7 Rd2 36. b3 Ra5 37. a4 Rxg2 38. Rg7+ 1-0

[Event "Senior DM 2020 65+"]
[Site "Logumkloster"]
[Date "2020.02.15"]
[Round "7"]
[White "Gjelstrup, Ole"]
[Black "Matras, Ove"]
[Result "0-1"]
[WhiteElo "1516"]
[BlackElo "1851"]
[PlyCount "58"]
[EventDate "2020.02.09"]
[EventType "swiss"]
[EventRounds "7"]
[EventCountry "DEN"]

1. e4 d5 2. exd5 Nf6 3. d4 Nxd5 4. c4 Nf6 5. Nf3 c5 6. Be3 cxd4 7. Bxd4 Nc6 8.
Nc3 Bg4 9. Bxf6 gxf6 10. Be2 e6 11. O-O Be7 12. Re1 a6 13. Qc2 Qc7 14. Qd2 h5
15. Rad1 Rd8 16. Qe3 f5 17. Ng5 Rxd1 18. Rxd1 f4 19. Nxe6 Bxe6 20. Qe4 Qe5 21.
Qxe5 Nxe5 22. Nd5 Bxd5 23. cxd5 Bd6 24. Rd4 Ng6 25. Re4+ Kd7 26. h3 f5 27. Re6
Ne7 28. Rf6 Be5 29. Rf7 Ke8 0-1

[Event "Senior DM 2020 65+"]
[Site "Logumkloster"]
[Date "2020.02.15"]
[Round "7"]
[White "Fjordside, Arne Dan"]
[Black "Semakoff, Aleks"]
[Result "0-1"]
[WhiteElo "1782"]
[BlackElo "2006"]
[PlyCount "62"]
[EventDate "2020.02.09"]
[EventType "swiss"]
[EventRounds "7"]
[EventCountry "DEN"]

1. d4 d5 2. Bf4 c5 3. e3 Nc6 4. c3 Nf6 5. Nd2 Bf5 6. Ngf3 e6 7. Be2 Be7 8. O-O
h6 9. Re1 O-O 10. h3 c4 11. b3 Ba3 12. bxc4 Bb2 13. Qb3 Bxa1 14. Rxa1 Na5 15.
Qa3 Nxc4 16. Nxc4 dxc4 17. Bd6 Re8 18. Bxc4 Ne4 19. Bh2 a6 20. Rc1 Rc8 21. Bf1
Qe7 22. Qa5 b6 23. Qxa6 Nxc3 24. Kh1 Qb4 25. Ne5 Qb2 26. Re1 Qxf2 27. Ra1 Qb2
28. Re1 Qxa2 29. Qb7 Rf8 30. Nxf7 Be4 31. Qe7 Rxf7 0-1

[Event "Senior DM 2020 65+"]
[Site "Logumkloster"]
[Date "2020.02.15"]
[Round "7"]
[White "Bucka Lassen, Edlef"]
[Black "Jensen, Ole Yde"]
[Result "0-1"]
[WhiteElo "1520"]
[BlackElo "1564"]
[PlyCount "52"]
[EventDate "2020.02.09"]
[EventType "swiss"]
[EventRounds "7"]
[EventCountry "DEN"]

1. c4 e5 2. Nc3 Bc5 3. e3 Nf6 4. g3 O-O 5. Bg2 c6 6. Nge2 d5 7. d4 exd4 8. Nxd4
dxc4 9. O-O Bxd4 10. exd4 Be6 11. Re1 Nbd7 12. Be3 Nd5 13. Bf1 Nxc3 14. bxc3
Nf6 15. Rb1 b5 16. Bg2 Bd5 17. f3 Qd7 18. h3 Nh5 19. Kh2 Qd6 20. f4 Nf6 21. a4
a6 22. Re2 Rfe8 23. Qc2 Bxg2 24. Kxg2 Nd5 25. Bf2 Rxe2 26. Qxe2 Nxc3 0-1

[Event "Senior DM 2020 65+"]
[Site "Logumkloster"]
[Date "2020.02.15"]
[Round "7"]
[White "Hansen, Per (1954)"]
[Black "Jorgensen, Arne Bjorn"]
[Result "1/2-1/2"]
[WhiteElo "2110"]
[BlackElo "1957"]
[PlyCount "102"]
[EventDate "2020.02.09"]
[EventType "swiss"]
[EventRounds "7"]
[EventCountry "DEN"]

1. d4 f5 2. Nc3 Nf6 3. Bg5 d5 4. Bxf6 exf6 5. e3 c6 6. Qf3 Bb4 7. Bd3 g6 8.
Nge2 Be6 9. h3 Bxc3+ 10. Nxc3 Na6 11. a3 Qe7 12. Bxa6 bxa6 13. Na4 Rb8 14. O-O
O-O 15. Rab1 Rfe8 16. Qe2 Bc8 17. Qd2 Qc7 18. Nc5 Kg7 19. Rfe1 Re7 20. g3 Qb6
21. Kg2 Qc7 22. Red1 Qb6 23. Qe1 Qc7 24. Rd3 h6 25. Rc3 Rb6 26. Qd2 h5 27. h4
Kh7 28. Nd3 Qd6 29. Nc5 Qc7 30. Qd3 Kg7 31. Rb3 Qb8 32. Qc3 Qd6 33. Rd1 Kh7 34.
Rd3 Kg7 35. Qd2 Kh7 36. Rb4 Qc7 37. Rbb3 Kg7 38. f4 Kh7 39. Qa5 Rb5 40. Qxc7
Rxc7 41. a4 Rb6 42. Kf2 Kg8 43. Ke2 Kf8 44. Kd2 Ke7 45. Kc1 Kd6 46. Kb1 Rg7 47.
Rd2 Re7 48. Re2 Re8 49. Ka2 Re7 50. Ka3 Re8 51. Rc3 Re7 1/2-1/2

[Event "Senior DM 2020 65+"]
[Site "Logumkloster"]
[Date "2020.02.15"]
[Round "7"]
[White "Gottschalck, Christian"]
[Black "Jorgensen, Jorgen"]
[Result "1/2-1/2"]
[WhiteElo "1701"]
[BlackElo "2186"]
[PlyCount "120"]
[EventDate "2020.02.09"]
[EventType "swiss"]
[EventRounds "7"]
[EventCountry "DEN"]

1. e4 c6 2. d4 d5 3. exd5 cxd5 4. Bd3 Nc6 5. c3 Qc7 6. Ne2 Nf6 7. Bf4 Qd8 8.
Ng3 g6 9. Nd2 Bg7 10. O-O O-O 11. Re1 a6 12. a4 Re8 13. Nf3 Bg4 14. h3 Bxf3 15.
Qxf3 Qd7 16. Re2 Na5 17. Bc2 b5 18. axb5 axb5 19. Nf1 Nc4 20. Rxa8 Rxa8 21. b3
Nd6 22. Ng3 Ra1+ 23. Kh2 e6 24. Be5 Nfe8 25. Bxg7 Nxg7 26. Qd3 Qc7 27. f4 Ngf5
28. Nxf5 Nxf5 29. g3 h5 30. Qf3 Ng7 31. Kg2 b4 32. cxb4 Rc1 33. Qd3 Qb7 34. Qc3
Nf5 35. Rd2 h4 36. Qb2 Re1 37. Bxf5 gxf5 38. gxh4 Qa6 39. Rf2 Qd3 40. Qd2 Qb1
41. Qc2 Qa1 42. Qb2 Qd1 43. Qd2 Rh1 44. Qxd1 Rxd1 45. Ra2 Rxd4 46. Ra4 Rd2+ 47.
Kg1 Rb2 48. Ra3 Rc2 49. b5 Rc7 50. Ra4 Rb7 51. Rb4 Rb6 52. Kf2 f6 53. Ke3 e5
54. Kd3 Kg7 55. Ke3 Kg6 56. Kd3 Kh5 57. Kc3 Kg6 58. Kd3 Kh6 59. Kc3 Kh5 60. Kd3
Kg6 1/2-1/2

[Event "Senior DM 2020 65+"]
[Site "Logumkloster"]
[Date "2020.02.15"]
[Round "7"]
[White "Markussen, Benno Orvad"]
[Black "Jensen, Scot Wolfgang"]
[Result "1/2-1/2"]
[WhiteElo "1775"]
[BlackElo "1609"]
[PlyCount "49"]
[EventDate "2020.02.09"]
[EventType "swiss"]
[EventRounds "7"]
[EventCountry "DEN"]

1. d4 d5 2. Nf3 Nf6 3. e3 a6 4. Bd3 Bg4 5. Nbd2 e6 6. c3 Bd6 7. Qc2 Nbd7 8. h3
Bh5 9. a3 c5 10. c4 Rc8 11. b3 O-O 12. Bb2 Bg6 13. Ne5 Bxd3 14. Qxd3 Qc7 15.
Nxd7 Nxd7 16. cxd5 exd5 17. Rc1 Qb6 18. O-O Qd8 19. dxc5 Nxc5 20. Qd4 Ne6 21.
Qg4 g6 22. Rfd1 h6 23. Qe2 Re8 24. Nf3 Rxc1 25. Rxc1 1/2-1/2

[Event "Senior DM 2020 65+"]
[Site "Logumkloster"]
[Date "2020.02.15"]
[Round "7"]
[White "Nielsen, Carsten Juul"]
[Black "Larsen, Arne Walther"]
[Result "1/2-1/2"]
[WhiteElo "1902"]
[BlackElo "1712"]
[PlyCount "45"]
[EventDate "2020.02.09"]
[EventType "swiss"]
[EventRounds "7"]
[EventCountry "DEN"]

1. d4 Nf6 2. c4 c5 3. d5 b5 4. Qc2 g6 5. e4 d6 6. cxb5 a6 7. Nc3 Bg7 8. Nf3 O-O
9. h3 axb5 10. Bxb5 Ba6 11. O-O Qb6 12. a4 Bxb5 13. Nxb5 Na6 14. Nd2 Nc7 15.
Nc4 Qb7 16. Nxc7 Qxc7 17. Bd2 Rab8 18. Bc3 Nd7 19. Bxg7 Kxg7 20. a5 Rb4 21. Ra4
Qb7 22. Rfa1 Nb8 23. Nb6 1/2-1/2

[Event "Senior DM 2020 65+"]
[Site "Logumkloster"]
[Date "2020.02.15"]
[Round "7"]
[White "Larsen, Alex"]
[Black "Gade, Jens"]
[Result "0-1"]
[WhiteElo "1428"]
[BlackElo "1470"]
[PlyCount "96"]
[EventDate "2020.02.09"]
[EventType "swiss"]
[EventRounds "7"]
[EventCountry "DEN"]

1. d4 d5 2. Nf3 Nf6 3. g3 Nc6 4. c3 Bg4 5. Bg2 e6 6. O-O Be7 7. b4 O-O 8. Nbd2
a6 9. h3 Bh5 10. Re1 Re8 11. Qc2 Bg6 12. Qb2 h6 13. Nh2 Rb8 14. Ndf1 e5 15. Be3
exd4 16. cxd4 Bxb4 17. Rec1 Bd6 18. a3 Qd7 19. Qd2 Ne4 20. Bxe4 Bxe4 21. f3 Bg6
22. Kg2 b6 23. Ng4 h5 24. Ngh2 Na5 25. Qb2 Nc4 26. Rxc4 dxc4 27. Bf2 Re7 28. e4
c6 29. e5 Bc7 30. Re1 Rbe8 31. Qc3 b5 32. f4 Qd5+ 33. Kg1 Qd6 34. g4 hxg4 35.
hxg4 Bd3 36. Ng3 Qh6 37. g5 Qh3 38. Qd2 Kh7 39. Re3 Rh8 40. Nf3 Kg8 41. Be1 Qg4
42. Nh2 Qxf4 43. g6 f6 44. exf6 Qxe3+ 45. Qxe3 Rxe3 46. f7+ Kf8 47. Bb4+ Re7
48. Kg2 c3 0-1

[Event "Senior DM 2020 65+"]
[Site "Logumkloster"]
[Date "2020.02.15"]
[Round "7"]
[White "Lontoft, Sven"]
[Black "Nielsen, Peter"]
[Result "1/2-1/2"]
[WhiteElo "1763"]
[BlackElo "1653"]
[PlyCount "38"]
[EventDate "2020.02.09"]
[EventType "swiss"]
[EventRounds "7"]
[EventCountry "DEN"]

1. e4 c5 2. Nf3 Nc6 3. d4 cxd4 4. Nxd4 g6 5. Nc3 Bg7 6. Be3 Nf6 7. Be2 O-O 8.
f4 d6 9. O-O Bd7 10. f5 Nxd4 11. Bxd4 Qa5 12. Qd3 Bc6 13. Rae1 Nd7 14. Bxg7
Kxg7 15. Qd4+ Kg8 16. Nd5 Bxd5 17. exd5 Ne5 18. a3 Rac8 19. Rc1 Qc5 1/2-1/2

[Event "Senior DM 2020 65+"]
[Site "Logumkloster"]
[Date "2020.02.15"]
[Round "7"]
[White "Nielsen, Aage Sondergaard"]
[Black "Stald, Flemming"]
[Result "0-1"]
[WhiteElo "1888"]
[BlackElo "1836"]
[PlyCount "178"]
[EventDate "2020.02.09"]
[EventType "swiss"]
[EventRounds "7"]
[EventCountry "DEN"]

1. f4 d5 2. Nf3 Nf6 3. g3 Bf5 4. Bg2 e6 5. O-O Bd6 6. d3 c6 7. Qe1 O-O 8. Nh4
Qb6+ 9. e3 Nbd7 10. Nd2 h6 11. Kh1 Bh7 12. e4 dxe4 13. Nc4 Qc7 14. Nxd6 Qxd6
15. dxe4 Qd4 16. c3 Qb6 17. e5 Nd5 18. a3 Rad8 19. c4 Ne7 20. Rf2 Qc7 21. Be3
Nb6 22. Qa5 Rd7 23. Rc1 Nec8 24. Bf3 Rfd8 25. Ng2 Nd5 26. Qxc7 Nxc7 27. Ne1 Ne8
28. Kg2 Bg6 29. g4 f6 30. Kg3 Kh7 31. h4 f5 32. h5 Bf7 33. gxf5 exf5 34. Be2
Nc7 35. Nf3 Bxh5 36. Ng5+ hxg5 37. Bxh5 g4 38. Rh1 Kg8 39. Bg6 Ne7 40. Bh7+ Kf7
41. Bc5 Rd3+ 42. Kg2 Ng6 43. Rh5 Ne7 44. Bxe7 Kxe7 45. Bxf5 R3d4 46. b3 Ne6 47.
Kg3 Rd1 48. Rhh2 R8d4 49. Bxe6 Kxe6 50. Kxg4 R4d3 51. Rh3 Rxh3 52. Kxh3 Rd3+
53. Kg4 Rxb3 54. Rf3 Rb1 55. Rd3 Rg1+ 56. Kf3 Rf1+ 57. Ke3 Rh1 58. Kd4 Rf1 59.
Ke4 Re1+ 60. Kf3 Rc1 61. Kg4 Rxc4 62. Rd6+ Ke7 63. Kf5 Rc3 64. Re6+ Kf7 65. Rd6
Ke7 66. Rg6 Kf7 67. Rd6 Ke7 68. Re6+ Kf7 69. Rd6 Ke7 70. Rg6 Kf7 71. e6+ Kf8
72. e7+ Kxe7 73. Rxg7+ Kd6 74. Rxb7 Rxa3 75. Kg6 a5 76. f5 Rg3+ 77. Kf6 a4 78.
Rb1 a3 79. Rd1+ Kc5 80. Ke7 a2 81. f6 Rf3 82. f7 Kb4 83. f8=Q Rxf8 84. Kxf8 c5
85. Ke7 c4 86. Kd6 c3 87. Kd5 c2 88. Ra1 Kc3 89. Ke4 Kb2 0-1

[Event "Senior DM 2020 65+"]
[Site "Logumkloster"]
[Date "2020.02.15"]
[Round "7"]
[White "Mortensen, Steen Juul"]
[Black "Johnsen, Oystein"]
[Result "1/2-1/2"]
[WhiteElo "1927"]
[BlackElo "1996"]
[PlyCount "26"]
[EventDate "2020.02.09"]
[EventType "swiss"]
[EventRounds "7"]
[EventCountry "DEN"]

1. d4 d5 2. c4 c6 3. Nf3 Nf6 4. Qc2 a6 5. a4 dxc4 6. Qxc4 Be6 7. Qc2 g6 8. e4
Bg7 9. Nc3 O-O 10. Be2 a5 11. O-O Na6 12. Bf4 Nb4 13. Qd2 Qc8 1/2-1/2